| 000 | 00665cam a2200229 4500 | ||
|---|---|---|---|
| 001 | D3189 | ||
| 008 | 090401t xxu||||| |||| 00| 0 eng d | ||
| 035 | _a(Sirsi) u72229 | ||
| 041 | _aeng | ||
| 050 | _a333.33 | ||
| 110 |
_aEstates Gazette _9298 |
||
| 245 | _aDigest of building land prices. No. 1 (January 1973) - No. 6 (September 1974) | ||
| 260 |
_aLondon _bEstates Gazette _c1973-74 |
||
| 300 | _a1v. 30cm | ||
| 350 | _a0 | ||
| 520 | _aProduced in collaboration with the House-Builders Federation Advisory Service. | ||
| 650 | _aBUILDING LAND | ||
| 650 | _aLAND PRICES | ||
| 710 |
_aHouse Builders Federation _92233 |
||
| 942 | _n0 | ||
| 948 | _c04/03/1997 | ||
| 999 |
_c95491 _d95491 |
||